=LDR 00000nam 2200000 4500 =001 001170 =005 20250710120319 =035 ##$$a 0010-0725000063 =007 ta =008 250710################a##########0#ind## =082 ##$$a 398.280 2 =100 #$$a Besant,Annie =245 1#$$a Kado Natal Tersembunyi /$c Annie Besant =250 ##$$a Pertama =260 ##$$a Jakarta timur :$b Badan Pengembangan dan Pembinaan Bahasa,$c 2022 =300 ##$$a 20hlm. : $b ilus. ; $c 21,5cm =650 #4$$a cerita anak terjemahan, literasi bahasa bacaan =700 #$$a Alicia Souza =856 ##$$a TBM AS-SYUHADA